[Event "Ì13Ï"]
[Site "Loo"]
[Date "2017.04.21"]
[Round "2.9"]
[White "Çóåâ, Àëåêñàíäð."]
[Black "Øîøèí, Êèðèëë."]
[Result "1-0"]
[WhiteElo "1559"]
[BlackElo "1729"]
[PlyCount "89"]
[EventDate "2017.04.20"]

1. e4 c5 2. Nf3 d6 3. d4 cxd4 4. Nxd4 Nf6 5. f3 a6 6. c4 g6 7. Nc3 Bg7 8. Be3
O-O 9. Be2 Nbd7 10. O-O Nc5 11. Qd2 Bd7 12. Rac1 Rc8 13. Rfd1 Ne8 14. Kh1 Nc7
15. Qc2 N7e6 16. Nd5 Nxd4 17. Bxd4 Bxd4 18. Rxd4 Ne6 19. Rdd1 b5 20. b3 bxc4
21. Bxc4 Bb5 22. Qe2 Rc5 23. b4 Rc6 24. Bxb5 Nd4 25. Qd3 Rxc1 26. Rxc1 Nxb5 27.
a4 e6 28. axb5 exd5 29. bxa6 Qb6 30. b5 dxe4 31. fxe4 Rb8 32. h3 Qa5 33. Rb1
Qb6 34. Ra1 Ra8 35. Qd5 Ra7 36. Qc6 Qd4 37. Rc1 Qa4 38. b6 Qxa6 39. bxa7 Qxa7
40. Qxd6 Qb7 41. Qd5 Qb2 42. Rd1 Qf2 43. Qd3 Qa2 44. Qc3 Qa8 45. Qf6 1-0

[Event "Ì13Ï"]
[Site "Loo"]
[Date "2017.04.21"]
[Round "2.10"]
[White "Ïðóöêîâ, Àëåêñåé."]
[Black "Çûðÿíîâ, Êîíñòàíòèí."]
[Result "1-0"]
[WhiteElo "1727"]
[BlackElo "1571"]
[PlyCount "101"]
[EventDate "2017.04.20"]

1. d4 d5 2. c4 c6 3. Nc3 Nf6 4. Nf3 a6 5. a4 e6 6. e3 Bb4 7. Qc2 Nbd7 8. Bd3
dxc4 9. Bxc4 Nb6 10. Bd3 O-O 11. O-O Bd7 12. e4 h6 13. Bf4 Rc8 14. Qd2 h5 15.
Bg5 Be7 16. a5 Na8 17. e5 Nd5 18. Nxd5 exd5 19. Bc2 Bxg5 20. Nxg5 Nc7 21. f4 f6
22. Nh7 Rf7 23. Bg6 Qe7 24. Qd3 f5 25. Bxf7+ Qxf7 26. Ng5 Qe7 27. Qh3 g6 28.
Qb3 Nb5 29. Rad1 Be6 30. Rfe1 Kf8 31. Qc2 Ke8 32. Qc5 Qd7 33. Nf3 Kf7 34. Re3
Rg8 35. Qb6 Qe7 36. Ng5+ Kg7 37. Nxe6+ Qxe6 38. Qxb7+ Kh8 39. Qxa6 g5 40. fxg5
Rxg5 41. Rg3 Rxg3 42. hxg3 Qg6 43. Qc8+ Kh7 44. Qd7+ Kh6 45. e6 Qxg3 46. e7
Qe3+ 47. Kh1 Nxd4 48. e8=Q Qf4 49. Qh8+ Kg5 50. Qdg7+ Kh4 51. Rxd4 1-0

[Event "Ì13Ï"]
[Site "Loo"]
[Date "2017.04.21"]
[Round "2.11"]
[White "Øàëèìî, Åâãåíèé."]
[Black "Ïåòðóøèí, Äìèòðèé."]
[Result "1/2-1/2"]
[WhiteElo "1557"]
[BlackElo "1721"]
[PlyCount "86"]
[EventDate "2017.04.20"]

1. d4 Nf6 2. c4 e5 3. Nf3 exd4 4. Nxd4 Bc5 5. e3 d6 6. Be2 Bxd4 7. exd4 Bf5 8.
O-O O-O 9. Nc3 Nc6 10. Bg5 Qd7 11. Bxf6 gxf6 12. Nd5 Qd8 13. Bg4 Bg6 14. f4 f5
15. Be2 Kh8 16. b4 Rg8 17. b5 Ne7 18. Bf3 Nxd5 19. Bxd5 Qh4 20. Qe1 Qf6 21. Qf2
Rab8 22. Rfe1 Bh5 23. Rac1 Rge8 24. a4 Qg7 25. Bxb7 Re2 26. Rxe2 Bxe2 27. Bd5
Bg4 28. Re1 Qf6 29. h3 Bh5 30. Kh1 Rg8 31. c5 Rd8 32. Bc6 Kg7 33. Qg3+ Bg6 34.
Qg5 dxc5 35. Qxf6+ Kxf6 36. dxc5 Rd4 37. g3 Rc4 38. Re5 Rxa4 39. Bf3 Ra3 40.
Kg2 Ra2+ 41. Kg1 Ra1+ 42. Kg2 Ra2+ 43. Kg1 Ra1+ 1/2-1/2

[Event "Ì13Ï"]
[Site "Loo"]
[Date "2017.04.21"]
[Round "2.12"]
[White "Ãåðàñèìîâ, Âàäèì."]
[Black "Ñòåïàíîâ, Ïàâåë."]
[Result "1-0"]
[WhiteElo "1717"]
[BlackElo "1559"]
[PlyCount "97"]
[EventDate "2017.04.20"]

1. e4 e6 2. d4 d5 3. Nd2 c5 4. exd5 Qxd5 5. dxc5 Bxc5 6. Ngf3 Nf6 7. Bc4 Qd8 8.
O-O O-O 9. c3 b6 10. Qe2 Bb7 11. Nb3 Qc7 12. Nxc5 bxc5 13. Ne5 Nc6 14. Bf4 Nxe5
15. Bxe5 Qc6 16. f3 Nd5 17. Bd3 Rfd8 18. Rfd1 a6 19. Qe4 f5 20. Qh4 Rd7 21. Qg5
Qb6 22. c4 Nb4 23. Bxf5 Rf7 24. Rd6 Qxd6 25. Bxd6 exf5 26. Rd1 Rd7 27. Qxf5
Rad8 28. Qe6+ Kh8 29. Re1 h6 30. Be7 Bc8 31. Bxd8 Rxd8 32. Qe7 Rg8 33. Re3 Nc2
34. Re5 Nd4 35. Rxc5 Ne6 36. Rxc8 Rxc8 37. Qxe6 Rd8 38. Qxa6 Rd1+ 39. Kf2 Rd2+
40. Kg3 Rxb2 41. c5 Rc2 42. c6 Rc5 43. Qb6 Rg5+ 44. Kf2 Rg6 45. Qb8+ Kh7 46. c7
Rc6 47. c8=Q Rxc8 48. Qxc8 Kg6 49. g4 1-0

[Event "Ì13Ï"]
[Site "Loo"]
[Date "2017.04.21"]
[Round "2.13"]
[White "Ñåðîâ, Àëåêñàíäð."]
[Black "Ìàêèíÿí, Ðóáåí."]
[Result "0-1"]
[WhiteElo "1539"]
[BlackElo "1713"]
[PlyCount "70"]
[EventDate "2017.04.20"]

1. d4 Nf6 2. c4 g6 3. Nc3 Bg7 4. e4 d6 5. f3 O-O 6. Be3 e5 7. Nge2 Nbd7 8. Qd2
Nb6 9. Ng3 exd4 10. Bxd4 Be6 11. Bxb6 axb6 12. Be2 Nd7 13. O-O Ne5 14. b3 Nc6
15. Rac1 Qf6 16. Nb5 Rfc8 17. Rfd1 Qh4 18. Rc2 Be5 19. Nf1 Bf4 20. Qe1 Qxe1 21.
Rxe1 Nb4 22. Rb2 Be5 23. Rbb1 c6 24. f4 Bxf4 25. Nd4 Rxa2 26. Nxe6 fxe6 27. Bg4
Kf7 28. Ne3 Ke7 29. g3 Bxe3+ 30. Rxe3 Rca8 31. e5 d5 32. cxd5 Nxd5 33. Ree1 Rf8
34. h3 Rff2 35. Be2 Raxe2 0-1

[Event "Ì13Ï"]
[Site "Loo"]
[Date "2017.04.21"]
[Round "2.14"]
[White "Ðÿáîâ, Ãåîðãèé."]
[Black "Ðåâà, Ëåâ."]
[Result "1/2-1/2"]
[WhiteElo "1700"]
[BlackElo "1558"]
[PlyCount "85"]
[EventDate "2017.04.20"]

1. c4 c5 2. Nc3 Nc6 3. g3 g6 4. Bg2 Bg7 5. e3 e6 6. Nge2 Nge7 7. O-O O-O 8. d4
cxd4 9. exd4 h6 10. d5 Nb8 11. d6 Nec6 12. Be3 b6 13. b4 Bb7 14. b5 Na5 15.
Bxb7 Nxb7 16. Qd3 f5 17. Rac1 g5 18. f4 g4 19. Bd4 Qc8 20. Bxg7 Kxg7 21. Qd4+
Kh7 22. Rc2 Qc5 23. Qxc5 Nxc5 24. a4 a6 25. Rd1 Rc8 26. Kf2 axb5 27. axb5 Nb7
28. Rd4 Ra3 29. Ke3 Na5 30. Ra2 Rxa2 31. Nxa2 Rxc4 32. Kd3 Rc5 33. Nec3 Kg6 34.
Nb4 h5 35. Kc2 Kf6 36. Nd3 Rc4 37. Rxc4 Nxc4 38. Nb4 Nxd6 39. Na6 Nxa6 40. bxa6
Nc8 41. Nb5 e5 42. fxe5+ Kxe5 43. Kd2 1/2-1/2

[Event "Ì13Ï"]
[Site "Loo"]
[Date "2017.04.21"]
[Round "2.15"]
[White "Ñîáàøíèêîâ, Èâàí."]
[Black "Ëèòâèíîâ, Äìèòðèé."]
[Result "1-0"]
[WhiteElo "1695"]
[BlackElo "1548"]
[PlyCount "81"]
[EventDate "2017.04.20"]

1. d4 Nf6 2. c4 e6 3. Nf3 b6 4. g3 Bb7 5. Bg2 Be7 6. O-O O-O 7. d5 exd5 8. Nh4
d6 9. cxd5 Nbd7 10. Nf5 Re8 11. Nc3 Bf8 12. e4 Nc5 13. Re1 Qd7 14. f3 Ba6 15.
Bg5 Qd8 16. Nd4 Bb7 17. f4 h6 18. Bh4 Be7 19. Nf5 Bf8 20. e5 Qc8 21. Bh3 Nfd7
22. e6 fxe6 23. dxe6 Nxe6 24. Nxh6+ gxh6 25. Bxe6+ Rxe6 26. Qg4+ Bg7 27. Qxe6+
Kh8 28. Nd5 Bd4+ 29. Kf1 Ba6+ 30. Kg2 Qb7 31. Qxh6+ Kg8 32. Qg6+ Kh8 33. Re8+
Nf8 34. Bf6+ Bxf6 35. Qxf6+ Kg8 36. Qg6+ Kh8 37. Qh5+ Kg8 38. Rxa8 Qxa8 39. Kf2
Nh7 40. Re1 Bb5 41. Re7 1-0

[Event "Ì13Ï"]
[Site "Loo"]
[Date "2017.04.21"]
[Round "2.16"]
[White "Äåðåâùèêîâ, Íèêèòà."]
[Black "Àðáóçîâ, Òèìîôåé."]
[Result "1/2-1/2"]
[WhiteElo "1523"]
[BlackElo "1694"]
[PlyCount "79"]
[EventDate "2017.04.20"]

1. e4 c6 2. d4 d5 3. exd5 cxd5 4. Bd3 Nc6 5. c3 Qc7 6. h3 e6 7. Nf3 Bd6 8. O-O
Nge7 9. Re1 Bd7 10. Nbd2 O-O 11. Nf1 f6 12. Qc2 h6 13. N3h2 Rad8 14. f3 e5 15.
Be3 exd4 16. cxd4 Qc8 17. Bf2 Nf5 18. Qb3 Ncxd4 19. Qxd5+ Be6 20. Qa5 Nc6 21.
Bxf5 Bxf5 22. Qd5+ Kh8 23. Qb3 Be5 24. Ng4 a6 25. Nxe5 Nxe5 26. Rac1 Qd7 27.
Red1 Qf7 28. Rxd8 Rxd8 29. Qxf7 Nxf7 30. Rc7 Rd7 31. Rxd7 Bxd7 32. Ne3 Be6 33.
a3 Nd6 34. Bg3 Nc4 35. Nxc4 Bxc4 36. Kf2 Kg8 37. Bd6 Kf7 38. g3 g6 39. f4 f5
40. Ke3 1/2-1/2

[Event "Ì13Ï"]
[Site "Loo"]
[Date "2017.04.21"]
[Round "2.17"]
[White "Äðó÷åíêî, Ìèõàèë."]
[Black "Íàçàðîâ, Äåíèñ."]
[Result "1-0"]
[WhiteElo "1692"]
[BlackElo "1534"]
[PlyCount "81"]
[EventDate "2017.04.20"]

1. e4 c5 2. Nf3 d6 3. c3 Nf6 4. Bd3 Nc6 5. O-O Bg4 6. Re1 Ne5 7. Be2 Bxf3 8.
Bxf3 Nxf3+ 9. Qxf3 e6 10. d4 cxd4 11. cxd4 Be7 12. Nc3 O-O 13. e5 Ne8 14. Qxb7
d5 15. Qa6 Nc7 16. Qe2 a5 17. Qc2 Rc8 18. Qd3 Qd7 19. Bd2 Bb4 20. Rec1 Rfd8 21.
Rc2 a4 22. Rac1 a3 23. b3 Rb8 24. Na4 Bxd2 25. Qxd2 Nb5 26. Qd3 Qa7 27. Rc5 Qd7
28. Rc6 Na7 29. R6c5 Nb5 30. f3 Rb7 31. Rc6 Rdb8 32. R6c2 Rc7 33. Rxc7 Nxc7 34.
Kf2 h6 35. Ke3 Qe7 36. Qc2 Na6 37. g3 Nb4 38. Qd2 Qg5+ 39. f4 Qg6 40. Nc5 Rc8
41. Qxb4 1-0

[Event "Ì13Ï"]
[Site "Loo"]
[Date "2017.04.21"]
[Round "2.18"]
[White "Áàøåâ, Ôåäîð."]
[Black "Ãîôìàí, Ëåâ."]
[Result "0-1"]
[WhiteElo "1679"]
[BlackElo "1528"]
[PlyCount "84"]
[EventDate "2017.04.20"]

1. e4 c5 2. Nf3 d6 3. d4 cxd4 4. Nxd4 Nf6 5. Nc3 a6 6. Be2 e5 7. Nb3 Be6 8. Bg5
Nbd7 9. O-O Qc7 10. Kh1 b5 11. f4 Be7 12. f5 Bc4 13. Bxc4 bxc4 14. Nd2 O-O 15.
g4 h6 16. Be3 Qc6 17. Qf3 Rab8 18. h4 Nh7 19. Qg3 Nhf6 20. Qg2 Nh7 21. g5 hxg5
22. hxg5 g6 23. f6 Bxf6 24. gxf6 Ndxf6 25. Bg5 Kg7 26. Qf3 Nh5 27. Be7 Qd7 28.
Nd5 Qe6 29. Nxc4 Rbe8 30. Bxd6 Ng5 31. Qg2 Rh8 32. Bxe5+ Nf6+ 33. Bh2 Rxh2+ 34.
Kxh2 Rh8+ 35. Kg3 Qg4+ 36. Kf2 Nfxe4+ 37. Qxe4 Nxe4+ 38. Ke1 Qg3+ 39. Kd1 Rd8
40. Ncb6 Qg2 41. Rf2 Qxf2 42. Nc4 Qf1# 0-1

[Event "Ì13Ï"]
[Site "Loo"]
[Date "2017.04.21"]
[Round "2.19"]
[White "Íèêîëàåâ, Ìàòâåé."]
[Black "Ãàëêèí, Ëåîíèä."]
[Result "1/2-1/2"]
[WhiteElo "1664"]
[BlackElo "1525"]
[PlyCount "154"]
[EventDate "2017.04.20"]

1. e4 c5 2. Nf3 e6 3. d4 cxd4 4. Nxd4 Nf6 5. Nc3 Nc6 6. Ndb5 Bc5 7. Nd6+ Ke7 8.
Bf4 e5 9. Nf5+ Kf8 10. Bg5 d6 11. Qf3 Bxf5 12. exf5 Nd4 13. Qd3 h6 14. Bxf6
Qxf6 15. Ne4 Qe7 16. c3 Nc6 17. Nxc5 dxc5 18. O-O-O Rd8 19. Qe3 Qg5 20. Bb5
Qxe3+ 21. fxe3 Ke7 22. e4 Nb8 23. g4 Rxd1+ 24. Rxd1 Rd8 25. Rxd8 Kxd8 26. h4
Nd7 27. g5 hxg5 28. hxg5 f6 29. g6 a6 30. Bc4 Nb6 31. Be6 Kc7 32. Kc2 Nd7 33.
b3 b6 34. Kd3 Kd6 35. a3 Nb8 36. Bc8 Kc7 37. Be6 Kd6 38. a4 a5 39. Kc4 Kc7 40.
Kb5 Nc6 41. Bf7 Na7+ 42. Kc4 Kd6 43. Be6 Kc6 44. Bd5+ Kc7 45. Bf7 Kc6 46. Be8+
Kd6 47. Bb5 Nc8 48. Ba6 Na7 49. Bb7 Kc7 50. Ba8 Kd6 51. Bb7 Kc7 52. Ba6 Kd6 53.
Bb5 Nc8 54. Be8 Na7 55. b4 cxb4 56. cxb4 Ke7 57. Bb5 Nxb5 58. Kxb5 axb4 59.
Kxb4 Kd6 60. Kb5 Kc7 61. Kc4 Kc6 62. Kb4 Kd6 63. Kb5 Kc7 64. Ka6 Kc6 65. Ka7
Kc7 66. Ka8 b5 67. axb5 Kb6 68. Kb8 Kxb5 69. Kc7 Kc5 70. Kd7 Kd4 71. Ke7 Kxe4
72. Kf7 Kxf5 73. Kxg7 e4 74. Kf7 e3 75. g7 e2 76. g8=Q e1=Q 77. Qh7+ Ke5
1/2-1/2

[Event "Ì13Ï"]
[Site "Loo"]
[Date "2017.04.21"]
[Round "2.20"]
[White "Âàñèëü÷åíêî, Âàäèì."]
[Black "Øåìàõàíîâ, Äàíèëà."]
[Result "1/2-1/2"]
[WhiteElo "1654"]
[BlackElo "1522"]
[PlyCount "83"]
[EventDate "2017.04.20"]

1. e4 e6 2. d3 d5 3. Nd2 Nf6 4. g3 c5 5. Bg2 Nc6 6. Ngf3 Bd6 7. O-O O-O 8. Re1
Qc7 9. h4 b6 10. Nh2 Bb7 11. f4 e5 12. f5 Ne7 13. g4 Nd7 14. c4 d4 15. g5 f6
16. Ndf3 g6 17. gxf6 Rxf6 18. Ng4 Rff8 19. Nh6+ Kh8 20. Ng5 Rf6 21. Ng4 gxf5
22. Nxf6 Nxf6 23. exf5 Bxg2 24. Kxg2 Nxf5 25. Rf1 Qb7+ 26. Kg1 Nxh4 27. Qe2 Rf8
28. Qh2 Ng6 29. Qh6 Ng4 30. Rxf8+ Bxf8 31. Qh3 Nf6 32. Bd2 Qg7 33. Kh1 Qb7+ 34.
Kg1 Qg7 35. Kh1 Qb7+ 36. Kg1 Qg7 37. Kh1 Qb7+ 38. Kg1 Qg7 39. Kh2 Bd6 40. Qe6
Qe7 41. Nf7+ Kg8 42. Qxd6 1/2-1/2

[Event "Ì13Ï"]
[Site "Loo"]
[Date "2017.04.21"]
[Round "2.21"]
[White "Êèðþøèí, Èâàí."]
[Black "Ìèõååâ, Àëåêñàíäð."]
[Result "1-0"]
[WhiteElo "1640"]
[BlackElo "1500"]
[PlyCount "79"]
[EventDate "2017.04.20"]

1. e4 d6 2. d4 Nf6 3. Nc3 g6 4. f3 Bg7 5. Be3 O-O 6. Qd2 Nc6 7. O-O-O e5 8. d5
Ne7 9. Bh6 Ne8 10. g4 f5 11. gxf5 gxf5 12. Nh3 fxe4 13. fxe4 Rxf1 14. Rdxf1
Bxh3 15. Rf3 Bd7 16. h4 Ng6 17. h5 Nf4 18. Bxf4 exf4 19. h6 Bxc3 20. Qxc3 Qf6
21. Rg1+ Kf7 22. Qxf6+ Kxf6 23. Rxf4+ Ke7 24. Rgf1 Nf6 25. Rxf6 Be8 26. Re6+
Kd7 27. Rf8 Rd8 28. Kd2 Bh5 29. Rxd8+ Kxd8 30. Ke3 Bf7 31. Rf6 Ke7 32. Rf2 Bg6
33. c4 c5 34. dxc6 bxc6 35. Kd4 Ke6 36. b4 a6 37. a4 Be8 38. b5 axb5 39. axb5
cxb5 40. cxb5 1-0

[Event "Ì13Ï"]
[Site "Loo"]
[Date "2017.04.21"]
[Round "2.22"]
[White "Äèêóíîâ, Àðòåì."]
[Black "Ëåáåäåâ, Íèêèòà."]
[Result "0-1"]
[WhiteElo "1518"]
[BlackElo "1635"]
[PlyCount "78"]
[EventDate "2017.04.20"]

1. d4 d5 2. c4 e6 3. Nc3 Nf6 4. Bg5 Be7 5. e3 c6 6. cxd5 exd5 7. Bd3 h6 8. Bxf6
Bxf6 9. Nge2 Qd6 10. Ng3 O-O 11. Nf5 Bxf5 12. Bxf5 c5 13. Qb3 cxd4 14. Qxd5 Qb4
15. exd4 Re8+ 16. Be4 Bxd4 17. O-O Bxc3 18. bxc3 Qxe4 19. Qb5 Qc6 20. Qd3 Nd7
21. Rad1 Nf6 22. h3 Rac8 23. Rc1 Qd5 24. Qb1 Re2 25. Rfd1 Qxa2 26. Qxb7 Qc4 27.
Qxa7 Qc5 28. Rd8+ Kh7 29. Qxc5 Rxc5 30. Kf1 Ra2 31. Rf8 Kg6 32. Rd8 Ne4 33. f3
Ng3+ 34. Ke1 Re5+ 35. Kd1 Ree2 36. Rd6+ Kh7 37. Rd3 Rxg2 38. Re3 Nf5 39. Re1
Rad2# 0-1

[Event "Ì13Ï"]
[Site "Loo"]
[Date "2017.04.21"]
[Round "2.23"]
[White "Êóçíåöîâ, Âàäèì."]
[Black "Íóäèí, Âëàäèñëàâ."]
[Result "1-0"]
[WhiteElo "1628"]
[BlackElo "1493"]
[PlyCount "75"]
[EventDate "2017.04.20"]

1. d4 d5 2. c4 c6 3. Nc3 e6 4. Nf3 f5 5. g3 Nf6 6. Bg2 Be7 7. O-O O-O 8. b3
Nbd7 9. e3 Ne4 10. Ne2 Ndf6 11. Nf4 Bb4 12. Bb2 a5 13. Nd3 Be7 14. Qc1 b5 15.
Nfe5 Qb6 16. f3 bxc4 17. fxe4 cxd3 18. exf5 exf5 19. Qxc6 Qxc6 20. Nxc6 Bd6 21.
Ne5 Ba6 22. Rxf5 Ne4 23. Rxf8+ Rxf8 24. Rd1 Nf2 25. Bxd5+ Kh8 26. Rd2 Nh3+ 27.
Kg2 Bb4 28. Rxd3 Bxd3 29. Nxd3 Ng5 30. h4 Nf7 31. Nf4 Nd6 32. e4 Nb5 33. Bc6
Nc3 34. a3 Nd1 35. axb4 Nxb2 36. bxa5 Nd1 37. a6 Rf7 38. Bb7 1-0

[Event "Ì13Ï"]
[Site "Loo"]
[Date "2017.04.21"]
[Round "2.24"]
[White "Õàñàíîâ, Óðàë."]
[Black "Ëîêòèîíîâ, Êèðèëë."]
[Result "1-0"]
[WhiteElo "1431"]
[BlackElo "1627"]
[PlyCount "87"]
[EventDate "2017.04.20"]

1. e4 c5 2. Nf3 Nc6 3. d4 cxd4 4. Nxd4 Nf6 5. Nc3 e5 6. Ndb5 d6 7. Bg5 a6 8.
Na3 b5 9. Bxf6 gxf6 10. Nd5 Be6 11. c3 Bg7 12. Nc2 f5 13. exf5 Bxf5 14. Bd3 e4
15. Be2 Bg6 16. Nce3 Rb8 17. Bg4 Ne5 18. Be2 f5 19. h4 h6 20. Bh5 O-O 21. Bxg6
Nxg6 22. Qh5 Kh7 23. Nxf5 Qd7 24. Nxg7 Qxg7 25. Qe2 Qe5 26. Rd1 h5 27. Rd4 Rbe8
28. Rh3 b4 29. Rd2 bxc3 30. bxc3 Rc8 31. Qe3 Rc5 32. Qd4 Qe6 33. Re3 Rf5 34. c4
Re5 35. Rde2 Nxh4 36. Rxe4 Nxg2+ 37. Kd1 Qc8 38. Rxe5 dxe5 39. Qe4+ Kh6 40.
Qxe5 Qg4 41. Qd6+ Kg7 42. Qxc5 Nh4 43. Qe7+ Kh6 44. Qe6+ 1-0

[Event "Ì13Ï"]
[Site "Loo"]
[Date "2017.04.21"]
[Round "2.25"]
[White "Ðûáèí, Ýäóàðä."]
[Black "Äîáøèíîâ, Âëàä."]
[Result "0-1"]
[WhiteElo "1422"]
[BlackElo "1602"]
[PlyCount "62"]
[EventDate "2017.04.20"]

1. d4 d5 2. e3 Nf6 3. Nf3 c5 4. b3 Nc6 5. Bb2 Bf5 6. Nbd2 Nb4 7. Bb5+ Nd7 8.
O-O Bxc2 9. Ne5 Bxd1 10. Bxd7+ Qxd7 11. Nxd7 Kxd7 12. Rfxd1 cxd4 13. Bxd4 Nc6
14. Bb2 Kc7 15. Nf3 e6 16. Rac1 f6 17. Nd4 Kd7 18. Nf3 Bd6 19. Rd2 Ke7 20. Rcd1
Rhd8 21. h3 Rac8 22. g4 Bb4 23. Rd3 Bc5 24. a3 Bb6 25. g5 Rd7 26. e4 Rcd8 27.
Kf1 d4 28. Ke2 Ne5 29. Nxe5 fxe5 30. h4 Rf8 31. a4 Rf4 {
äàëåå çàïèñü íåðàçáîð~~èâà} 0-1

[Event "Ì13Ï"]
[Site "Loo"]
[Date "2017.04.21"]
[Round "2.26"]
[White "Êóïðèí, Àëåêñàíäð."]
[Black "Áóñûãèí, Êèðèëë."]
[Result "1-0"]
[WhiteElo "1599"]
[BlackElo "1468"]
[PlyCount "55"]
[EventDate "2017.04.20"]

1. b3 d5 2. Bb2 Nf6 3. e3 Bf5 4. f4 e6 5. Nf3 Nbd7 6. Be2 Be7 7. O-O h6 8. h3
c6 9. Kh2 Rg8 10. d3 g5 11. Nd4 Bg6 12. f5 exf5 13. Nxf5 Bxf5 14. Rxf5 Qc7+ 15.
Kh1 O-O-O 16. Nd2 Rdf8 17. e4 dxe4 18. dxe4 Ne8 19. Nc4 Ng7 20. Bxg7 Rxg7 21.
Qd4 Rgg8 22. Qxa7 Rh8 23. Rd1 f6 24. Ra5 h5 25. Qd4 c5 26. Ra8+ Nb8 27. Nb6+
Qxb6 28. Qd7# 1-0

[Event "Ì13Ï"]
[Site "Loo"]
[Date "2017.04.21"]
[Round "2.27"]
[White "Ïåòðîâ, Ìàêñèì."]
[Black "Ìîíãóø, Êåæèê."]
[Result "1-0"]
[WhiteElo "1359"]
[BlackElo "1594"]
[PlyCount "113"]
[EventDate "2017.04.20"]

1. d4 d5 2. c4 e6 3. Nc3 c6 4. cxd5 exd5 5. Bf4 Bf5 6. Nf3 Nf6 7. e3 Bd6 8.
Bxd6 Qxd6 9. Bd3 Bg6 10. O-O Nbd7 11. Re1 Ne4 12. Qc2 Ndf6 13. Ne5 Nxc3 14.
bxc3 Bxd3 15. Qxd3 O-O 16. Rab1 b6 17. f3 c5 18. e4 cxd4 19. cxd4 dxe4 20. fxe4
Rad8 21. Nf3 Ng4 22. h3 Ne5 23. Nxe5 Qxe5 24. Rbd1 Qe6 25. d5 Qe5 26. Qd4 Rfe8
27. Qxe5 Rxe5 28. Kf2 f6 29. Kf3 Kf7 30. Ke3 f5 31. Kf4 Kf6 32. h4 fxe4 33. d6
Ke6 34. d7 Rf5+ 35. Kg4 h5+ 36. Kg3 Re5 37. Kf4 Rf8+ 38. Ke3 Ke7 39. Re2 Rd8
40. Red2 g6 41. Kf4 Re6 42. Ke3 b5 43. Rd4 b4 44. Rxb4 Rxd7 45. Rxd7+ Kxd7 46.
Rb7+ Kc6 47. Rxa7 Kc5 48. Ra4 Kd5 49. Rd4+ Kc5 50. Rxe4 Rf6 51. Rf4 Re6+ 52.
Kd3 Re5 53. Rf6 g5 54. hxg5 Rxg5 55. Rf2 h4 56. Ke4 Rh5 57. Rf5+ 1-0

[Event "Ì13Ï"]
[Site "Loo"]
[Date "2017.04.21"]
[Round "2.28"]
[White "Ùåòêèí, Êèðèëë."]
[Black "Ýêèìîâ, Ïàâåë."]
[Result "1-0"]
[WhiteElo "1594"]
[BlackElo "1346"]
[PlyCount "71"]
[EventDate "2017.04.20"]

1. e4 c5 2. Nf3 d6 3. d4 cxd4 4. Nxd4 Nf6 5. Nc3 a6 6. Be3 e6 7. f3 b5 8. a3
Nbd7 9. Be2 Bb7 10. O-O Rc8 11. Rc1 d5 12. exd5 Nxd5 13. Nxd5 Bxd5 14. Re1 Nc5
15. Bf1 Na4 16. b4 Nb2 17. Qd2 Bc4 18. c3 Bxf1 19. Qxb2 Bc4 20. Rcd1 Qf6 21.
Qd2 Be7 22. Nc6 Bd5 23. Nxe7 Qxe7 24. Bc5 Qf6 25. Qxd5 Rxc5 26. Qxc5 Qf5 27.
Qxf5 O-O 28. Qg5 f6 29. Qg4 f5 30. Qg5 h6 31. Qe7 Rf6 32. Rxe6 Rxe6 33. Qxe6+
Kh8 34. Rd8+ Kh7 35. Qxf5+ g6 36. Qf7# 1-0

[Event "Ì13Ï"]
[Site "Loo"]
[Date "2017.04.21"]
[Round "2.29"]
[White "Òàòàðöåâ, Àëåêñàíäð."]
[Black "Õóñíóëãàòèí, Àðòåì."]
[Result "1/2-1/2"]
[WhiteElo "1346"]
[BlackElo "1592"]
[PlyCount "85"]
[EventDate "2017.04.20"]

1. c4 Nf6 2. Nc3 d5 3. d4 e6 4. Bg5 Be7 5. e3 c6 6. Nf3 Nbd7 7. Qc2 dxc4 8.
Bxc4 Nb6 9. Bd3 Nbd5 10. a3 O-O 11. O-O h6 12. Bh4 Ne8 13. Bxe7 Qxe7 14. b4
Nxc3 15. Qxc3 Nc7 16. e4 Rd8 17. Rac1 Bd7 18. Rfd1 Be8 19. a4 Rac8 20. Qb3 Kh8
21. Rc2 f6 22. b5 cxb5 23. axb5 Bh5 24. Be2 Ne8 25. Qd3 Bf7 26. Rdc1 Qd7 27.
Qa3 b6 28. Rxc8 Rxc8 29. Rxc8 Qxc8 30. Qxa7 Qc7 31. Qa3 Kg8 32. h3 Qb7 33. Bd3
Qd7 34. Qa6 Qc7 35. Qa3 Qd7 36. Qc3 Qc7 37. Qa3 Qd7 38. Qb4 Nc7 39. Qb3 Bh5 40.
Qc4 Be8 41. Qb3 Kf7 42. e5 Nxb5 43. Bc4 1/2-1/2

[Event "Ì13Ï"]
[Site "Loo"]
[Date "2017.04.21"]
[Round "2.31"]
[White "Îñèïîâ, Àëåêñàíäð."]
[Black "Ãóñåâ, Àëåêñàíäð."]
[Result "1-0"]
[WhiteElo "1855"]
[BlackElo "1482"]
[PlyCount "103"]
[EventDate "2017.04.20"]

1. d4 f5 2. e4 fxe4 3. Nc3 Nf6 4. Bg5 d5 5. Bxf6 exf6 6. Qh5+ g6 7. Qxd5 Nc6 8.
Qxe4+ Be7 9. O-O-O Bf5 10. Qe3 Nb4 11. Rd2 O-O 12. Bc4+ Kh8 13. Nf3 Re8 14. Nh4
Bf8 15. Qf3 Bh6 16. Nxf5 Bxd2+ 17. Kxd2 gxf5 18. Ne2 Nc6 19. Qd3 a6 20. c3 Qd7
21. Kc1 b5 22. Bb3 Ne5 23. Qh3 Ng4 24. Qf3 Rad8 25. Nf4 c5 26. Rd1 c4 27. Bc2
Rf8 28. Nh5 Qd5 29. Qf4 Qd6 30. Qxf5 Qd7 31. Qxd7 Rxd7 32. Bf5 Rd5 33. Bxg4 f5
34. Bf3 Rd6 35. Nf4 Rfd8 36. Re1 R8d7 37. Re6 Rxe6 38. Nxe6 Kg8 39. Kd2 Kf7 40.
Nf4 Kf6 41. h4 Rd6 42. Nd5+ Kf7 43. Nb4 Ke6 44. a3 a5 45. Nc2 f4 46. Be4 h6 47.
Ne1 Kf6 48. Nf3 Re6 49. Ne5 Ra6 50. Bc6 Ra7 51. Bxb5 Rb7 52. a4 1-0

[Event "Ì13Ï"]
[Site "Loo"]
[Date "2017.04.21"]
[Round "2.32"]
[White "Ñàáèðîâ, Òèìóð."]
[Black "Áåëîâ, Äàíèëà."]
[Result "0-1"]
[WhiteElo "1757"]
[BlackElo "1518"]
[PlyCount "121"]
[EventDate "2017.04.20"]

1. e4 c5 2. Nf3 e6 3. d4 cxd4 4. Nxd4 Nf6 5. Bd3 d6 6. O-O Be7 7. c4 Nc6 8. Be3
O-O 9. h3 Nxd4 10. Bxd4 b6 11. Nc3 Bb7 12. Qe2 Rc8 13. Rad1 Ba6 14. e5 dxe5 15.
Bxe5 Qe8 16. b3 Bb7 17. f4 Qc6 18. Rd2 Rcd8 19. Rfd1 h6 20. Kh2 Kh8 21. Nb5 a6
22. Nd4 Qc8 23. f5 Qc5 24. Bxf6 Bxf6 25. Nf3 exf5 26. b4 Qxb4 27. Bxf5 Bxf3 28.
gxf3 Rxd2 29. Rxd2 Qc5 30. Rd5 Qc7+ 31. Kg2 g6 32. Be4 Kg7 33. Bd3 Bh4 34. Qe5+
Qxe5 35. Rxe5 Rd8 36. Rd5 Rxd5 37. cxd5 b5 38. f4 f5 39. Bc2 Kf6 40. Bb3 Ke7
41. a4 Kd6 42. axb5 axb5 43. Kf3 Be7 44. Ke3 Kc5 45. Kf3 Kd4 46. d6 Bxd6 47. h4
Be7 48. Bf7 g5 49. hxg5 hxg5 50. Bg6 g4+ 51. Kg3 Ke4 52. Be8 b4 53. Bc6+ Ke3
54. Bd7 Bh4+ 55. Kxh4 Kxf4 56. Be6 g3 57. Kh3 Kf3 58. Bd5+ Kf2 59. Bg2 b3 60.
Bd5 b2 61. Ba2 0-1

[Event "Ì13Ï"]
[Site "Loo"]
[Date "2017.04.21"]
[Round "2.33"]
[White "Èîíî÷êèí, Ìàêñèì."]
[Black "Èøóòêèí, Âëàäèñëàâ."]
[Result "0-1"]
[WhiteElo "1745"]
[BlackElo "1307"]
[PlyCount "190"]
[EventDate "2017.04.20"]

1. d4 d5 2. c4 c6 3. cxd5 cxd5 4. Nc3 e6 5. Nf3 Nf6 6. Bf4 Bd6 7. Bxd6 Qxd6 8.
e3 a6 9. Bd3 Nbd7 10. O-O O-O 11. Rc1 b5 12. Qc2 Bb7 13. Rfe1 Rac8 14. Qb1 Nb6
15. Ne5 h6 16. f4 Nc4 17. Re2 Rc7 18. b4 Rfc8 19. Bxc4 dxc4 20. a3 Nd5 21. Ne4
Qe7 22. Nc5 Nf6 23. Qc2 Qd6 24. Nxb7 Rxb7 25. Nd3 Rbc7 26. Nc5 Nd7 27. Rd1 Rd8
28. Red2 Nf6 29. g3 Ra7 30. h3 Nd5 31. Kf2 Qc6 32. e4 Nf6 33. g4 g6 34. Rg1 Rc7
35. h4 Nd7 36. Ke3 Kg7 37. Qc3 Kg8 38. Rgd1 Nf6 39. d5 exd5 40. g5 hxg5 41.
hxg5 Nh5 42. exd5 Re7+ 43. Kf3 Qe8 44. d6 Ra7 45. d7 Qe7 46. Re2 Qf8 47. Rde1
Raa8 48. Qe5 Ng7 49. Rh1 Nh5 50. Rhe1 Ng7 51. Qf6 Nh5 52. Qxd8 Rxd8 53. Re8 Ng7
54. Rxf8+ Kxf8 55. Ke4 Ne6 56. Rd1 Ke7 57. Nxa6 Rxd7 58. Re1 Rd4+ 59. Ke5 Rxf4
60. Rd1 Rf5+ 61. Ke4 Nxg5+ 62. Ke3 Rf3+ 63. Ke2 Rxa3 64. Nb8 Ke6 65. Nc6 Ne4
66. Rd4 Nf6 67. Rd2 Kf5 68. Nd4+ Ke4 69. Nxb5 Re3+ 70. Kd1 Rd3 71. Nd6+ Kd4 72.
Rxd3+ Kxd3 73. Nxf7 Nd7 74. b5 Kd4 75. Kc2 Kc5 76. Kc3 Nb6 77. Ne5 g5 78. Nf3
g4 79. Ne5 g3 80. Kd2 Nd5 81. Ke2 Nf4+ 82. Kf1 g2+ 83. Kg1 Kxb5 84. Ng4 Kb4 85.
Kf2 Kb3 86. Ne3 c3 87. Nf5 c2 88. Nd4+ Kb2 89. Nxc2 Kxc2 90. Kg1 Kd3 91. Kh2
Ke3 92. Kg1 Ke2 93. Kh2 Kf3 94. Kg1 Ne2+ 95. Kh2 g1=Q+ 0-1

[Event "Ì13Ï"]
[Site "Loo"]
[Date "2017.04.21"]
[Round "2.34"]
[White "Ñàâèöêèé, Êèðèëë."]
[Black "Îãîðîäíèêîâ, Íèêîëàé."]
[Result "0-1"]
[WhiteElo "1508"]
[BlackElo "1672"]
[PlyCount "112"]
[EventDate "2017.04.20"]

1. e4 e6 2. d4 d5 3. Nd2 Nf6 4. e5 Nfd7 5. f4 c5 6. c3 Nc6 7. Ndf3 Qb6 8. a3 c4
9. Ne2 g6 10. Qc2 Na5 11. g4 Nb3 12. Rb1 Qc6 13. Ng3 Nb6 14. f5 Bd7 15. Bg5 Rg8
16. Bf6 Bg7 17. fxg6 hxg6 18. g5 Bxf6 19. exf6 Qc7 20. Ne5 Ba4 21. Qf2 O-O-O
22. h4 Rh8 23. h5 Na5 24. hxg6 Rxh1 25. Nxh1 fxg6 26. Nxg6 Qh7 27. Ne7+ Kb8 28.
g6 Qxh1 29. Qf4+ Ka8 30. f7 Qh8 31. Qg5 Qf8 32. Qf6 Nd7 33. Qxe6 Bc2 34. Rc1
Be4 35. Bg2 Qh6 36. Bxe4 Qxc1+ 37. Ke2 Qxb2+ 38. Ke3 Qxc3+ 39. Kf4 Qd2+ 40. Kf3
dxe4+ 41. Kxe4 Qe2+ 42. Kf5 Qxe6+ 43. Kxe6 Nf8+ 44. Kf6 Nxg6 45. Nxg6 c3 46.
Ne5 c2 47. Nd3 Kb8 48. Ke7 Kc7 49. d5 Rd7+ 50. Ke6 Rxf7 51. Kxf7 Kd6 52. Ke8
Nb3 53. Kd8 c1=Q 54. Nxc1 Nxc1 55. Kc8 b5 56. Kb7 a5 0-1